000 01211cam a2200313 a 4500
001 2823093
003 OSt
005 20210417101823.0
008 830721s1984 scu b s001 0 eng
010 _a 83009297
020 _a0872494195
040 _aDLC
_cDLC
_dDLC
043 _ae-uk---
050 0 0 _aPR858.H5
_bF55 1984
080 _a94
_bF-63
082 0 0 _a823/.5/09355
_219
100 1 _aFlanders, W. Austin.
245 1 0 _aStructures of experience :
_bhistory, society, and personal life in the eighteenth-century British novel /
_cby W. Austin Flanders.
250 _a1st ed.
260 _aColumbia, S.C. :
_bUniversity of South Carolina Press,
_c1984.
300 _ax, 308 p. ;
_c24 cm.
504 _aIncludes bibliographical references and index.
650 0 _aEnglish fiction
_y18th century
_xHistory and criticism.
650 0 _aHistory in literature.
650 0 _aSocial problems in literature.
653 _aლიტერატურის ისტორია, სოციალური პრობლემები ლიტერატურაში,კრიტიკის ისტორია
906 _a7
_bcbc
_corignew
_d1
_eocip
_f19
_gy-gencatlg
942 _2udc
_cBK
_e1
999 _c143
_d143